Loading...
Students guide to the internet
| Main Author: | |
|---|---|
| Format: | Printed Book |
| Published: |
London
Library Association
1999
|
| Edition: | Rev.Ed.2 |
| LEADER | 00420nam a22001217a 4500 | ||
|---|---|---|---|
| 082 | |a 004.678077 |b WIN.S | ||
| 100 | |a Ian Winship |a Alison Mcnab | ||
| 245 | |a Students guide to the internet | ||
| 250 | |a Rev.Ed.2 | ||
| 260 | |a London |b Library Association |c 1999 | ||
| 942 | |c BK | ||
| 999 | |c 6446 |d 6446 | ||
| 952 | |0 0 |1 0 |4 0 |6 004_678077000000000_WIN_S |7 0 |8 NFIC |9 8148 |a CAMPUS |b CAMPUS |d 2015-11-12 |l 0 |o 004.678077 WIN.S |p 09047 |r 2015-11-12 |w 2019-07-15 |y BK | ||